[Event "Mechanics' Litowsky TNM; 30/90, SD/30"]
[Site "San Francisco"]
[Date "2011.08.30"]
[Round "5.12"]
[White "Salvo, Tab"]
[Black "Shnaiderman, Lazar"]
[Result "1-0"]
[WhiteElo "1661"]
[BlackElo "1902"]
[PlyCount "79"]
[EventDate "2011.??.??"]

1. Nf3 c5 2. c4 Nf6 3. g3 b6 4. Bg2 Bb7 5. O-O e6 6. b3 Be7 7. Bb2 O-O 8. d4
cxd4 9. Bxd4 d5 10. Nbd2 Nc6 11. Bb2 Rb8 12. a3 dxc4 13. Nxc4 Qxd1 14. Rfxd1
Rfd8 15. b4 Rxd1+ 16. Rxd1 Kf8 17. Nfe5 Nxe5 18. Bxe5 Rc8 19. Nxb6 axb6 20.
Bxb7 Rc2 21. Bf3 Ra2 22. Rd3 Nd5 23. e4 Bf6 24. Bd6+ Ne7 25. e5 Bg5 26. Bc7 Ng6
27. h4 Rc2 28. Bd6+ Be7 29. Be4 Rc1+ 30. Kg2 Ke8 31. b5 Bxd6 32. Bc6+ Rxc6 33.
bxc6 Bxe5 34. f4 Nxf4+ 35. gxf4 Bxf4 36. a4 h6 37. Kf2 Bh2 38. Rd7 g6 39. Rb7
Bb8 40. Rxb8+ 1-0

[Event "Mechanics' Litowsky TNM; 30/90, SD/30"]
[Site "San Francisco"]
[Date "2011.09.27"]
[Round "9.10"]
[White "Sherwood, Peter"]
[Black "Abraham, Renjish"]
[Result "1/2-1/2"]
[WhiteElo "1807"]
[BlackElo "1860"]
[PlyCount "94"]
[EventDate "2011.??.??"]

1. e4 c5 2. Nf3 d6 3. d4 cxd4 4. Nxd4 Nf6 5. Nc3 g6 6. Be3 Bg7 7. f3 Nc6 8. Qd2
Bd7 9. O-O-O Rc8 10. Kb1 a6 11. g4 Ne5 12. Bh6 Rg8 13. Bxg7 Rxg7 14. Be2 Qa5
15. Nd5 Qxd2 16. Nxf6+ exf6 17. Rxd2 Ke7 18. Rhd1 Ba4 19. b3 Bd7 20. Kb2 Rgg8
21. c3 Rgd8 22. f4 Nxg4 23. Bf3 Nh6 24. c4 Bc6 25. Nxc6+ bxc6 26. h3 c5 27. Rd5
a5 28. Kc3 Rb8 29. R1d2 Rbc8 30. Re2 Kf8 31. Red2 Ke7 32. Re2 Rc7 33. Bg4 Nxg4
34. hxg4 Rdd7 35. Rh2 Kf8 36. Rxh7 Kg8 {draw offer} 37. Rh2 Kf8 38. Rhd2 Ke7
39. R5d3 Ke6 40. Rd5 Ke7 41. Rh2 Rc8 42. Rh7 Ra7 43. f5 g5 44. Rd2 Rb8 45. Rh3
a4 46. Rhd3 axb3 47. axb3 Ra6 1/2-1/2

[Event "Mechanics' Litowsky TNM; 30/90, SD/30"]
[Site "San Francisco"]
[Date "2011.08.09"]
[Round "2.16"]
[White "Sherwood, Peter"]
[Black "James, Charles"]
[Result "1-0"]
[WhiteElo "1807"]
[BlackElo "1562"]
[PlyCount "51"]
[EventDate "2011.??.??"]

1. e4 e6 2. d4 d5 3. Nc3 dxe4 4. Nxe4 Bd7 5. Nf3 Bc6 6. Bd3 Nf6 7. Qe2 Nbd7 8.
Bf4 Nxe4 9. Bxe4 Bxe4 10. Qxe4 c6 11. O-O-O Nf6 12. Qe2 Nd5 13. Be5 f6 14. Bg3
Kf7 15. Rhe1 Qd7 16. Nh4 Bd6 17. Qg4 h5 18. Qg6+ Kg8 19. Qe4 Re8 20. Rd3 Kf7
21. Qg6+ Kg8 22. Bxd6 Rh6 23. Qg3 e5 24. dxe5 fxe5 25. Ba3 Qe6 26. Rb3 1-0

[Event "Mechanics' Litowsky TNM; 30/90, SD/30"]
[Site "San Francisco"]
[Date "2011.09.13"]
[Round "7.14"]
[White "Sherwood, Peter"]
[Black "Mar, Henry"]
[Result "1-0"]
[WhiteElo "1807"]
[BlackElo "1537"]
[PlyCount "53"]
[EventDate "2011.??.??"]

1. e4 c6 2. d4 d5 3. Nc3 dxe4 4. Nxe4 Bf5 5. Ng3 Bg6 6. h4 h6 7. Nf3 Nf6 8. Ne5
Bh7 9. Bd3 Bxd3 10. Qxd3 e6 11. Ne4 Nbd7 12. Bf4 Nd5 13. Bg3 c5 14. O-O-O Nb4
15. Qb3 Rc8 16. dxc5 Nd5 17. Nxd7 Qxd7 18. Bd6 Be7 19. Bxe7 Kxe7 20. Rhe1 Qc7
21. Nd6 Rb8 22. Rxd5 Rhd8 23. Qf3 f6 24. Qg4 Kf8 25. Qxe6 Re8 26. Qxe8+ Rxe8
27. Rxe8# 1-0

[Event "Mechanics' Litowsky TNM; 30/90, SD/30"]
[Site "San Francisco"]
[Date "2011.08.23"]
[Round "4.9"]
[White "Sherwood, Peter"]
[Black "Marshall, Johnathan"]
[Result "1/2-1/2"]
[WhiteElo "1807"]
[BlackElo "1589"]
[PlyCount "86"]
[EventDate "2011.??.??"]

1. e4 d5 2. exd5 Nf6 3. Nc3 Nxd5 4. Nxd5 Qxd5 5. Nf3 Bg4 6. Be2 Nc6 7. O-O
O-O-O 8. d3 f6 9. Be3 h5 10. d4 Qd7 11. c3 g5 12. b4 Bxf3 13. Bxf3 g4 14. Be2
Bh6 15. Bxh6 Rxh6 16. Qa4 a6 17. Rab1 Nb8 18. Qb3 b5 19. a4 c6 20. axb5 cxb5
21. Rfe1 f5 22. Bd3 Rc6 23. Re5 e6 24. Rbe1 Qc7 25. Rc5 Rdd6 26. Ree5 Nd7 27.
Rxc6 Rxc6 28. Rxe6 Rxc3 29. Re8+ Kb7 30. Qd5+ Kb6 31. Re6+ Ka7 32. Bf1 Nb6 33.
Qxf5 Rc1 34. g3 Nc8 35. Kg2 Qb7+ 36. d5 Nb6 37. Qe4 Nxd5 38. Bd3 Rc7 39. Kf1
Rc1+ 40. Kg2 Rc7 41. Kf1 Rc1+ 42. Kg2 Rc7 43. h3 Nxb4 {draw offer} 1/2-1/2

[Event "Mechanics' LitowskyTNM; 30/90, SD/30"]
[Site "San Francisco"]
[Date "2011.08.02"]
[Round "1"]
[White "Shnaiderman, Lazar"]
[Black "Brown, Nicholas"]
[Result "1-0"]
[WhiteElo "1902"]
[BlackElo "1444"]
[PlyCount "89"]
[EventDate "2011.??.??"]

1. d4 d5 2. c4 c6 3. Nc3 Nf6 4. e3 e6 5. Nf3 Bb4 6. Bd2 O-O 7. Bd3 c5 8. cxd5
Nxd5 9. O-O Nd7 10. Qc2 N7f6 11. e4 c4 12. Bxc4 Ne7 13. Bd3 Ng6 14. a3 Be7 15.
Rac1 b6 16. Ne2 Bb7 17. Ng3 Rc8 18. Qb1 Rxc1 19. Rxc1 Qb8 20. Ne2 Qa8 21. Nc3
Ne8 22. Ne5 Nxe5 23. dxe5 g6 24. Be3 Ng7 25. f3 Rc8 26. Ne2 Bc5 27. Kf2 Qb8 28.
f4 Bxe3+ 29. Kxe3 Rd8 30. Bb5 a5 31. Rd1 Rf8 32. Qd3 Qa8 33. Nc3 f5 34. exf6
Rxf6 35. Qd8+ Qxd8 36. Rxd8+ Rf8 37. Rxf8+ Kxf8 38. Na4 Nh5 39. Nxb6 Nf6 40.
Nd7+ Ke7 41. Nxf6 Kxf6 42. e5+ Ke7 43. g3 Bd5 44. Kd4 Kd8 45. Bc4 1-0

[Event "Mechanics' Litowsky TNM; 30/90, SD/30"]
[Site "San Francisco"]
[Date "2011.09.06"]
[Round "6.15"]
[White "Shnaiderman, Lazar"]
[Black "Newey, Richard"]
[Result "1/2-1/2"]
[WhiteElo "1902"]
[BlackElo "1739"]
[PlyCount "81"]
[EventDate "2011.??.??"]

1. d4 d5 2. c4 dxc4 3. Nf3 a6 4. e3 Nf6 5. Bxc4 e6 6. O-O b5 7. Bb3 Bb7 8. Nc3
Be7 9. Bc2 O-O 10. a3 c5 11. dxc5 Qxd1 12. Rxd1 Bxc5 13. Ne5 Nc6 14. Nxc6 Bxc6
15. b4 Be7 16. Bb2 Rfd8 17. f3 Nd5 18. Nxd5 Bxd5 19. e4 Bc4 20. Kf2 Rxd1 21.
Rxd1 Rd8 22. Rxd8+ Bxd8 23. Ke3 a5 24. Bd3 Bxd3 25. Kxd3 f5 26. Bc3 a4 27. Bd4
Kf7 28. Bc5 g6 29. Bd6 Bb6 30. Bc5 Bc7 31. h3 Be5 32. Bd4 Bf4 33. Bb2 e5 34.
Ke2 Bg3 35. Bc1 Kf6 36. Be3 fxe4 37. fxe4 Bf4 38. Kf3 Bxe3 39. Kxe3 Kg5 40. g3
h5 41. Kf3 1/2-1/2

[Event "Mechanics' Litowsky TNM; 30/90, SD/30"]
[Site "San Francisco"]
[Date "2011.08.23"]
[Round "4.14"]
[White "Shnaiderman, Lazar"]
[Black "Oca, Homer"]
[Result "1/2-1/2"]
[WhiteElo "1902"]
[BlackElo "1669"]
[PlyCount "109"]
[EventDate "2011.??.??"]

1. e4 a6 2. d4 h6 3. c4 e6 4. Nc3 d6 5. Nf3 Nf6 6. Bd3 Nc6 7. O-O e5 8. d5 Nb8
9. c5 g5 10. cxd6 cxd6 11. Be3 Bg7 12. Na4 Nbd7 13. Rc1 O-O 14. Ne1 Re8 15. g4
b5 16. Nc3 Nf8 17. f3 Ng6 18. Ne2 Bd7 19. Ng3 Nf4 20. Nf5 Bxf5 21. gxf5 N6h5
22. Kh1 Rc8 23. Rxc8 Qxc8 24. Ng2 Qd7 25. Rf2 Rc8 26. Rc2 f6 27. Nxf4 Nxf4 28.
Bxf4 exf4 29. Qc1 Rxc2 30. Qxc2 Qa7 31. Kg2 Bf8 32. Qf2 Qb7 33. Qc2 Be7 34. Qe2
Bd8 35. a4 bxa4 36. Bxa6 Qc7 37. Qc4 Qxc4 38. Bxc4 Bb6 39. Bb5 Bd4 40. Bxa4
Bxb2 41. h3 h5 42. Be8 h4 43. Bb5 Kf8 44. Kf1 Ke7 45. Kg2 Kd8 46. Kf1 Kc7 47.
Kg2 Kb6 48. Be8 Kc5 49. Bh5 Kd4 50. Bg4 Kd3 51. Bh5 Ke2 52. Bg4 Bd4 53. Bh5 Bf2
54. Bg4 Be3 55. Bh5 1/2-1/2

[Event "Mechanics' Litowsky TNM; 30/90, SD/30"]
[Site "San Francisco"]
[Date "2011.09.06"]
[Round "6.20"]
[White "Standen, Julian"]
[Black "Brown, Nicholas"]
[Result "1-0"]
[WhiteElo "1668"]
[BlackElo "1444"]
[PlyCount "29"]
[EventDate "2011.??.??"]

1. d4 d5 2. Nf3 Nf6 3. e3 e6 4. Bd3 c5 5. c3 c4 $2 6. Bc2 Bd6 7. Nbd2 O-O 8.
O-O Re8 9. e4 dxe4 10. Nxe4 Be7 11. Qe2 b5 $4 12. Nxf6+ Bxf6 13. Qe4 Qd5 14.
Qxh7+ Kf8 15. Be4 1-0

[Event "Mechanics' Litowsky TNM; 30/90, SD/30"]
[Site "San Francisco"]
[Date "2011.08.09"]
[Round "2.11"]
[White "Standen, Julian"]
[Black "Jones, James"]
[Result "0-1"]
[WhiteElo "1668"]
[BlackElo "2078"]
[PlyCount "36"]
[EventDate "2011.??.??"]

1. d4 Nf6 2. Nf3 g6 3. Bg5 Bg7 4. Nbd2 c5 5. dxc5 Na6 6. c3 Nxc5 7. Qc2 d5 8.
e3 Bf5 9. Qd1 O-O 10. Nb3 Rc8 11. Be2 Na4 12. Qc1 Ne4 13. Nbd4 Nxg5 14. Nxg5 e5
15. Nxf5 Qxg5 16. Nxg7 Qxg2 17. Rf1 Kxg7 18. Qd1 Nxb2 0-1

[Event "Mechanics' Litowsky TNM; 30/90, SD/30"]
[Site "San Francisco"]
[Date "2011.08.30"]
[Round "5.16"]
[White "Standen, Julian"]
[Black "Thomas, Melvin E"]
[Result "0-1"]
[WhiteElo "1668"]
[BlackElo "1606"]
[PlyCount "30"]
[EventDate "2011.??.??"]

1. d4 d5 2. Nf3 Nf6 3. e3 c5 4. c3 Qb6 5. Bd3 Bg4 6. Nbd2 e6 7. O-O Nc6 8. Qe2
Bd6 9. h3 Bh5 10. dxc5 Qxc5 11. e4 O-O 12. g4 Bg6 13. Nh4 dxe4 14. Nxe4 Bxe4
15. Bxe4 Qe5 0-1

[Event "Mechanics' LitowskyTNM; 30/90, SD/30"]
[Site "San Francisco"]
[Date "2011.08.02"]
[Round "1"]
[White "Thomas, Melvin E"]
[Black "Chamberlain, Ethan"]
[Result "1-0"]
[WhiteElo "1606"]
[BlackElo "1953"]
[PlyCount "61"]
[EventDate "2011.??.??"]

1. d4 Nf6 2. c4 g6 3. Nf3 Bg7 4. g3 O-O 5. Bg2 c5 6. d5 Ne4 7. O-O Qb6 8. Qc2
f5 9. Nbd2 Nxd2 10. Nxd2 d6 11. Rb1 Nd7 12. Nf3 Nf6 13. b3 f4 14. Nh4 Nh5 15.
Bf3 g5 16. Bxh5 gxh4 17. Bxf4 Bh3 18. Rfe1 hxg3 19. hxg3 Rf5 20. Bf3 Qc7 21.
Qe4 Raf8 22. Kh2 Rxf4 23. gxf4 Bf5 24. Qe3 Bd4 25. Qd2 Rf6 26. e4 Rh6+ 27. Kg1
Bh3 28. f5 Rf6 29. Kh2 Bxf5 30. exf5 e6 31. Qg5+ 1-0

[Event "Mechanics' Litowsky TNM; 30/90, SD/30"]
[Site "San Francisco"]
[Date "2011.09.13"]
[Round "7.13"]
[White "Thomas, Melvin E"]
[Black "Drane, Robert"]
[Result "1-0"]
[WhiteElo "1606"]
[BlackElo "1850"]
[PlyCount "49"]
[EventDate "2011.??.??"]

1. d4 f5 2. g3 Nf6 3. Bg2 e6 4. Nf3 Be7 5. O-O O-O 6. c4 d6 7. Nc3 a5 8. Rb1
Qe8 9. a3 a4 10. Re1 Ne4 11. Qc2 Nxc3 12. Qxc3 Bf6 13. Bg5 Qh5 14. Bxf6 Rxf6
15. b4 Nd7 16. c5 dxc5 17. bxc5 c6 18. Rb4 Rh6 19. Qe3 Nf6 20. Qg5 Qe8 21. Ne5
Rh5 22. Qe3 Nd7 23. Nc4 Qg6 24. Nd6 Nf6 25. Nxc8 1-0

[Event "Mechanics' Litowsky TNM; 30/90, SD/30"]
[Site "San Francisco"]
[Date "2011.08.09"]
[Round "2.8"]
[White "Thomas, Melvin E"]
[Black "Russell, Joe"]
[Result "0-1"]
[WhiteElo "1606"]
[BlackElo "1952"]
[PlyCount "54"]
[EventDate "2011.??.??"]

1. e4 d5 2. e5 c5 3. c3 Nc6 4. d4 e6 5. Nf3 Bd7 6. Bd3 cxd4 7. cxd4 Nb4 8. O-O
Rc8 9. Nc3 Nxd3 10. Qxd3 Qb6 11. a3 Ne7 12. b4 Qc6 13. Bb2 Qc4 14. Qd2 Ng6 15.
Rfc1 Qa6 16. h4 Be7 17. g3 O-O 18. h5 Nh8 19. Kg2 f5 20. Rh1 Nf7 21. Ne2 Rc7
22. Rac1 Rfc8 23. Rxc7 Rxc7 24. Ne1 Qc4 25. Nd3 Bc6 26. Nc3 a5 27. bxa5 Qb3 {
Both score sheets are unreadable at this point.} 0-1

[Event "Mechanics' Litowsky TNM; 30/90, SD/30"]
[Site "San Francisco"]
[Date "2011.09.27"]
[Round "9.11"]
[White "Thomas, Melvin E"]
[Black "Woebcke, Carl"]
[Result "1-0"]
[WhiteElo "1606"]
[BlackElo "1847"]
[PlyCount "71"]
[EventDate "2011.??.??"]

1. d4 d5 2. c4 e6 3. g3 dxc4 4. Bg2 Nc6 5. Nf3 Nf6 6. Nc3 Bb4 7. O-O O-O 8. Bg5
Rb8 9. a4 Na5 10. Qc2 h6 11. Bxf6 Qxf6 12. e3 a6 13. Nd2 b5 14. Nde4 Qg6 15.
Ne2 Bb7 16. Nf4 Qf5 17. f3 Nb3 18. Ra2 e5 19. Bh3 Qh7 20. Nh5 Bxe4 21. fxe4
exd4 22. Bf5 Qh8 23. Qe2 d3 24. Qg4 Rb6 25. e5 Rg6 26. Bxg6 fxg6 27. Nf4 Qh7
28. Qe6+ Kh8 29. Nxg6+ Qxg6 30. Rxf8+ Bxf8 31. Qxg6 d2 32. Qc2 Bc5 33. Kf2 b4
34. Ke2 Nc1+ 35. Kxd2 Nxa2 36. Qxc4 1-0

[Event "Mechanics' Litowsky TNM; 30/90, SD/30"]
[Site "San Francisco"]
[Date "2011.08.09"]
[Round "2.2"]
[White "Thornally, Frank"]
[Black "Todortsev, Victor"]
[Result "1-0"]
[WhiteElo "2200"]
[BlackElo "1920"]
[PlyCount "59"]
[EventDate "2011.??.??"]

1. e4 e5 2. Nf3 Nc6 3. Bb5 Nf6 4. Qe2 d6 5. c3 Be7 6. d4 exd4 7. cxd4 Bd7 8.
O-O O-O 9. h3 a6 10. Bc4 b5 11. Bb3 Na5 12. Bc2 c5 13. e5 dxe5 14. dxe5 Ne8 15.
Rd1 Ra7 16. Qd3 g6 17. e6 fxe6 18. Ne5 Nf6 19. Nxg6 Rf7 20. Ne5 Rg7 21. Bh6 Qe8
22. Bxg7 Kxg7 23. Qg3+ Kf8 24. Nd2 Nc6 25. Ndf3 Nxe5 26. Nxe5 Bc6 27. Qh4 Bd5
28. Rd3 Qh5 29. Qf4 Bd6 30. Qxf6+ 1-0

[Event "Mechanics' Litowsky TNM; 30/90, SD/30"]
[Site "San Francisco"]
[Date "2011.09.27"]
[Round "9.6"]
[White "Todortsev, Victor"]
[Black "Grey, Peter"]
[Result "1-0"]
[WhiteElo "1920"]
[BlackElo "2005"]
[PlyCount "93"]
[EventDate "2011.??.??"]

1. d4 Nf6 2. Bg5 Ne4 3. Bh4 c5 4. f3 g5 5. fxe4 gxh4 6. e3 Qa5+ 7. c3 Bh6 8.
Kf2 Qb6 9. b3 Qg6 10. Nf3 Qxe4 11. Qd3 Qxd3 12. Bxd3 d6 13. Nxh4 e6 14. Na3 Nc6
15. Nc4 d5 16. Nd6+ Ke7 17. dxc5 b6 18. b4 bxc5 19. bxc5 Ne5 20. Be2 Bg5 21.
Nf3 Bf6 22. Nd4 Nd7 23. Nc6+ Kf8 24. e4 Kg7 25. exd5 Nxc5 26. dxe6 Bxe6 27. Nd4
Bd5 28. Bf3 Bxf3 29. Kxf3 Rhd8 30. N6f5+ Kg6 31. g4 Ne6 32. Rhd1 Rac8 33. Rd3
Rd5 34. Rad1 Ng5+ 35. Kf4 Ne6+ 36. Kg3 Rcd8 37. h4 h5 38. g5 Be5+ 39. Kf3 R8d7
40. Ke3 Bxd4+ 41. Nxd4 Re5+ 42. Kf3 Red5 43. Kg3 Nc5 44. Re3 Na4 45. Rf1 Kg7
46. Nf5+ Kf8 47. g6 1-0

[Event "Mechanics' Litowsky TNM; 30/90, SD/30"]
[Site "San Francisco"]
[Date "2011.08.16"]
[Round "3.10"]
[White "Todortsev, Victor"]
[Black "Macintyre, Brendan"]
[Result "1-0"]
[WhiteElo "1920"]
[BlackElo "1657"]
[PlyCount "69"]
[EventDate "2011.??.??"]

1. e4 c5 2. Nf3 Nc6 3. Bc4 g6 4. O-O Bg7 5. c3 e6 6. d4 cxd4 7. cxd4 d5 8. exd5
exd5 9. Re1+ Nge7 10. Bb5 O-O 11. Bg5 Qc7 12. h3 Be6 13. Nc3 Nf5 14. Bxc6 bxc6
15. Qd2 Qa5 16. a3 c5 17. dxc5 Qxc5 18. Rac1 Qa5 19. g4 Nd6 20. Bh6 Nc4 21. Qf4
Nxb2 22. Bxg7 Kxg7 23. Ng5 Qb6 24. Rb1 Nd3 25. Qd2 Qa6 26. Re3 d4 27. Rxd3 dxc3
28. Qxc3+ Kg8 29. Re3 Rac8 30. Qe5 Rce8 31. Ne4 Re7 32. Nf6+ Kh8 33. Nd5+ f6
34. Nxf6 Ref7 35. Nd7+ 1-0

[Event "Mechanics' LitowskyTNM; 30/90, SD/30"]
[Site "San Francisco"]
[Date "2011.08.02"]
[Round "1"]
[White "Todortsev, Victor"]
[Black "Mar, Henry"]
[Result "1-0"]
[WhiteElo "1920"]
[BlackElo "1537"]
[PlyCount "35"]
[EventDate "2011.??.??"]

1. e4 c6 2. d4 d5 3. Nc3 dxe4 4. Nxe4 Bf5 5. Ng3 Bg6 6. h4 h6 7. Nf3 Nf6 8. Ne5
Bh7 9. Bc4 e6 10. Qe2 Nbd7 11. Nxf7 Bb4+ 12. c3 Bxc3+ 13. bxc3 Qc7 14. Nxh8
O-O-O 15. Nf7 Re8 16. O-O Nd5 17. Bxd5 cxd5 18. Ba3 1-0

[Event "Mechanics' Litowsky TNM; 30/90, SD/30"]
[Site "San Francisco"]
[Date "2011.09.06"]
[Round "6.8"]
[White "Todortsev, Victor"]
[Black "Sherwood, Peter"]
[Result "1-0"]
[WhiteElo "1920"]
[BlackElo "1807"]
[PlyCount "73"]
[EventDate "2011.??.??"]

1. e4 c5 2. Nf3 d6 3. d4 cxd4 4. Nxd4 Nf6 5. Nc3 a6 6. Be2 e5 7. Nb3 Be7 8. O-O
O-O 9. Bf3 Be6 10. Be3 Nbd7 11. Re1 Rc8 12. a4 b6 13. Qd2 Nc5 14. Nxc5 dxc5 15.
Qe2 Ra8 16. Red1 Qc8 17. Nd5 Bd8 18. c4 Nd7 19. Rab1 a5 20. Nc3 Be7 21. Nb5 Qc6
22. b3 Rad8 23. h3 Nb8 24. Nc3 Rxd1+ 25. Rxd1 Rd8 26. Nd5 Qb7 27. Bg4 Bxg4 28.
Qxg4 Nc6 29. Bh6 Bf8 30. Bg5 Rb8 31. Nf6+ Kh8 32. Rd7 Qc8 33. Qh5 h6 34. Qxf7
Be7 35. Bxh6 Qf8 36. Bxg7+ Qxg7 37. Qh5+ 1-0

[Event "Mechanics' Litowsky TNM; 30/90, SD/30"]
[Site "San Francisco"]
[Date "2011.09.13"]
[Round "7.4"]
[White "Todortsev, Victor"]
[Black "Traub, Igor"]
[Result "0-1"]
[WhiteElo "1920"]
[BlackElo "2119"]
[Annotator "Donaldson"]
[PlyCount "49"]
[EventDate "2011.??.??"]

1. d4 d5 2. Bg5 h6 3. Bh4 g5 4. Bg3 Bg7 5. e3 c5 6. c3 Nf6 7. Bd3 O-O 8. Nd2
cxd4 9. exd4 Nc6 10. Ngf3 Nh5 11. Nxg5 $5 Nxg3 12. hxg3 e5 13. Bh7+ Kh8 14. f4
$2 (14. Qh5 {was forced.}) 14... exf4 15. gxf4 f6 16. Qh5 fxg5 17. Bg6 Qe7+ 18.
Kd1 Rxf4 19. Nf3 Bg4 20. Qh2 Bxf3+ 21. gxf3 Rxf3 22. Kc2 Qf6 23. Qh5 Rf2+ 24.
Kd3 Ne7 25. Be8 0-1

[Event "Mechanics' Litowsky TNM; 30/90, SD/30"]
[Site "San Francisco"]
[Date "2011.08.09"]
[Round "2.10"]
[White "Traub, Igor"]
[Black "Dembling, Arthur"]
[Result "1-0"]
[WhiteElo "2119"]
[BlackElo "1796"]
[PlyCount "67"]
[EventDate "2011.??.??"]

1. Nf3 Nf6 2. g3 d5 3. d3 c6 4. Bg2 Bg4 5. Nbd2 Nbd7 6. e4 e6 7. O-O Bd6 8. Qe1
Qc7 9. Nd4 O-O 10. h3 Bh5 11. Kh1 Rae8 12. f4 e5 13. Nf5 exf4 14. Nxd6 Qxd6 15.
gxf4 dxe4 16. dxe4 Qc5 17. c3 h6 18. e5 Bg6 19. Qh4 Nd5 20. f5 Bh7 21. Ne4 Qb6
22. f6 Rxe5 23. fxg7 Rfe8 24. Nd6 R8e7 25. Nc8 Qc5 26. Nxe7+ Rxe7 27. Bxh6 Ne5
28. Rad1 Bd3 29. Be3 Ng6 30. Bxc5 Nxh4 31. Rxd3 Re2 32. Bxd5 cxd5 33. Re3 Rxb2
34. Bd4 1-0

[Event "Mechanics' Litowsky TNM; 30/90, SD/30"]
[Site "San Francisco"]
[Date "2011.08.30"]
[Round "5.3"]
[White "Traub, Igor"]
[Black "Krasnov, Steven"]
[Result "1-0"]
[WhiteElo "2119"]
[BlackElo "1983"]
[Annotator "Donaldson"]
[PlyCount "102"]
[EventDate "2011.??.??"]

1. e4 c5 2. d3 e6 3. Nf3 a6 4. a4 Nc6 5. g3 Qc7 6. Bg2 Nf6 7. O-O Be7 8. Bf4 d6
9. Na3 O-O 10. Nc4 e5 11. Bg5 Be6 12. Qe2 b5 13. Ne3 Rab8 14. axb5 axb5 15.
Bxf6 Bxf6 16. c3 Ne7 17. Ra6 Bc8 18. Ra2 Be6 19. Ra6 Bc8 20. Raa1 g6 21. h4 Rd8
22. Nh2 Bg7 23. h5 Be6 24. f4 exf4 25. gxf4 f5 26. hxg6 hxg6 27. Nf3 b4 28. Ng5
Bc8 29. exf5 bxc3 30. Nd5 Bd4+ 31. Kh1 Nxd5 32. Bxd5+ Kg7 33. bxc3 Rh8+ 34. Kg2
Bxc3 35. Rac1 Rb2 36. Rc2 Rxc2 37. Qxc2 Bf6 38. Rb1 Qe7 39. Ne6+ Bxe6 40. fxe6
Rc8 41. Rb7 Rc7 42. Rb8 Bd4 43. Qe2 Qh4 44. Qf3 Re7 45. Rb1 g5 46. f5 g4 47.
Qg3 Qg5 48. Rf1 Qd2+ 49. Kh1 Qh6+ 50. Qh2 Qxh2+ 51. Kxh2 Kf6 {
The position is completely equal, but Black lost on time} 1-0

[Event "Mechanics' Litowsky TNM; 30/90, SD/30"]
[Site "San Francisco"]
[Date "2011.09.06"]
[Round "6.1"]
[White "Traub, Igor"]
[Black "Lee, Andy"]
[Result "0-1"]
[WhiteElo "2119"]
[BlackElo "2267"]
[PlyCount "70"]
[EventDate "2011.??.??"]

1. e4 e5 2. Nf3 Nc6 3. Bb5 a6 4. Ba4 Nf6 5. O-O b5 6. Bb3 Bc5 7. d3 d6 8. c3
O-O 9. h3 h6 10. Re1 Bb7 11. a4 d5 12. axb5 axb5 13. Rxa8 Bxa8 14. Nxe5 Nxe5
15. d4 Bb6 16. dxe5 Nxe4 17. Be3 c5 18. Qg4 f5 19. exf6 Nxf6 20. Qg6 Re8 21.
Kf1 c4 22. Bc2 Bxe3 23. Rxe3 Rxe3 24. fxe3 Qd6 25. Nd2 b4 26. Nf3 Bc6 27. Nd4
Bd7 28. Ke2 bxc3 29. bxc3 Qe5 30. Bb1 Qh2 31. Nf3 Qb8 32. Nd4 Qb2+ 33. Qc2 Qa3
34. Nf5 Ne4 35. Nd4 Ba4 0-1

[Event "Mechanics' Litowsky TNM; 30/90, SD/30"]
[Site "San Francisco"]
[Date "2011.09.27"]
[Round "9.2"]
[White "Traub, Igor"]
[Black "Manvelyan, Hayk"]
[Result "0-1"]
[WhiteElo "2119"]
[BlackElo "2193"]
[PlyCount "104"]
[EventDate "2011.??.??"]

1. d4 Nf6 2. c4 d6 3. Nc3 Nbd7 4. e4 e5 5. Nf3 c6 6. Bd3 Be7 7. O-O O-O 8. b4
exd4 9. Nxd4 Ne5 10. Be2 d5 11. cxd5 Bxb4 12. Qb3 Bxc3 13. Qxc3 cxd5 14. Nb5
Nc6 15. exd5 Nxd5 16. Qg3 Be6 17. Bb2 f6 18. Rfd1 Rf7 19. Bc4 Rd7 20. Nc3 Kh8
21. Ne4 b6 22. Bb5 Rc7 23. Rac1 Na5 24. Nc3 Qg8 25. Ne4 Rxc1 26. Rxc1 Rd8 27.
h4 Qf7 28. Nd6 Qg6 29. Qh2 h5 30. Re1 Bg8 31. Be8 Qg4 32. Nf7+ Bxf7 33. Bxf7
Qb4 34. Rd1 Qxb2 35. Qg3 Qe5 36. Qf3 Nc6 37. Rxd5 Rxd5 38. Bxd5 Nd4 39. Qe4
Qxe4 40. Bxe4 f5 41. Bd3 g6 42. f4 Ne6 43. g3 Nc5 44. Bc2 Kg7 45. Kf2 Kf6 46.
Ke3 Ke6 47. Kd4 Kd6 48. Bb1 b5 49. Bc2 a5 50. Bb1 Ne6+ 51. Ke3 Kc5 52. a3 Nc7
0-1

[Event "Mechanics' Litowsky TNM; 30/90, SD/30"]
[Site "San Francisco"]
[Date "2011.09.06"]
[Round "6.13"]
[White "Woebcke, Carl"]
[Black "Marshall, Johnathan"]
[Result "1-0"]
[WhiteElo "1847"]
[BlackElo "1589"]
[PlyCount "45"]
[EventDate "2011.??.??"]

1. e4 c5 2. Nf3 d6 3. d4 cxd4 4. Nxd4 Nf6 5. Nc3 a6 6. Bc4 e6 7. Bb3 b5 8. O-O
Be7 9. Qf3 Qb6 10. Be3 Qb7 11. Qg3 Bd7 12. f3 O-O 13. Rad1 Nc6 14. Nxc6 Bxc6
15. Bh6 Ne8 16. Ne2 a5 17. a3 Qb6+ 18. Kh1 Bf6 19. Nf4 Kh8 20. Bg5 Bxb2 21. Be7
Rg8 22. Bxe6 $1 fxe6 23. Ng6+ 1-0

[Event "Mechanics' LitowskyTNM; 30/90, SD/30"]
[Site "San Francisco"]
[Date "2011.08.02"]
[Round "1"]
[White "Woebcke, Carl"]
[Black "Olson, David"]
[Result "1-0"]
[WhiteElo "1847"]
[BlackElo "1417"]
[PlyCount "49"]
[EventDate "2011.??.??"]

1. e4 e5 2. f4 Nc6 3. Bc4 exf4 4. Nf3 Bc5 5. d4 Bb6 6. Bxf4 Nf6 7. e5 Ne4 8.
Qe2 d5 9. exd6 f5 10. Ng5 Nxd4 11. Qh5+ g6 12. Qh6 Nxg5 13. Bxg5 Qxd6 14. O-O
Nxc2+ 15. Kh1 Be6 16. Qg7 Bd4 17. Bf6 Bxf6 18. Qxf6 Kd7 19. Bxe6+ Kc6 20. Rc1
Kb6 21. Na3 Nxa3 22. bxa3 Rhe8 23. Rab1+ Ka6 24. Bc4+ b5 25. Bxb5+ 1-0

[Event "Mechanics' Litowsky TNM; 30/90, SD/30"]
[Site "San Francisco"]
[Date "2011.09.20"]
[Round "8.13"]
[White "Woebcke, Carl"]
[Black "Salvo, Tab"]
[Result "1/2-1/2"]
[WhiteElo "1847"]
[BlackElo "1661"]
[PlyCount "87"]
[EventDate "2011.??.??"]

1. e4 c5 2. Nf3 d6 3. d4 cxd4 4. Nxd4 Nf6 5. Nc3 a6 6. Bc4 g6 7. f3 Nbd7 8. a4
Bg7 9. Be3 Qc7 10. Ba2 b6 11. Qd2 Bb7 12. Bh6 Bxh6 13. Qxh6 Rc8 14. O-O-O Ne5
15. f4 Nc4 16. Bxc4 Qxc4 17. e5 dxe5 18. fxe5 Ng4 19. Qf4 h5 20. Rd2 Rc5 21. e6
O-O 22. Rf1 g5 23. exf7+ $4 (23. Qxf7+ $1 Rxf7 24. exf7+ Qxf7 25. Rxf7 Kxf7 $11
) 23... Kh8 24. Qb8 Qxf1+ 25. Rd1 Qxf7 $4 (25... Qxd1+ $19) 26. Qxb7 Ne3 27.
Qxb6 Rxc3 28. Qh6+ Kg8 29. Qxg5+ Qg7 30. Qxg7+ Kxg7 31. bxc3 $11 Rf2 32. Re1
Nc4 33. Rxe7+ Kf8 34. Re1 Rxg2 35. Rh1 Ke8 36. Kb1 Kd7 37. Ka2 Kd6 38. Kb3 Na5+
39. Kb4 Nb7 40. a5 Rg5 41. h4 Rxa5 42. c4 Re5 43. Rd1 Kc7 44. Nf3 1/2-1/2

[Event "Mechanics' Litowsky TNM; 30/90, SD/30"]
[Site "San Francisco"]
[Date "2011.08.23"]
[Round "4.11"]
[White "Woebcke, Carl"]
[Black "Wong, Russell"]
[Result "0-1"]
[WhiteElo "1847"]
[BlackElo "2202"]
[PlyCount "76"]
[EventDate "2011.??.??"]

1. e4 Nf6 2. e5 Nd5 3. c4 Nb6 4. d4 d6 5. exd6 exd6 6. Nf3 Bg4 7. h3 Bh5 8. b3
Be7 9. Bd3 Nc6 10. Bb2 O-O 11. Nbd2 Bf6 12. g4 Re8+ 13. Kf1 Bg6 14. Bxg6 fxg6
15. Qc2 d5 16. c5 Nd7 17. h4 Nf8 18. g5 Be7 19. Re1 Qd7 20. Ne5 Nxe5 21. Rxe5
Bd8 22. Nf3 c6 23. Rxe8 Qxe8 24. Qe2 Ne6 25. Ne5 Bc7 26. Qe3 Bxe5 27. Qxe5 Qf7
28. Rh3 Rf8 29. Qe3 Qf5 30. Rg3 Nf4 31. Rf3 Qg4 32. Rg3 Qxh4 33. Bc1 Qh1+ 34.
Rg1 Qh5 35. Rg3 Qd1+ 36. Qe1 Qxd4 37. Bxf4 Qxf4 38. Qe6+ Kh8 0-1